Abeceda reklamy
Na minha lista:
| Autor principal: | |
|---|---|
| Formato: | Livro |
| Idioma: | eslovaco |
| Publicado em: |
Bratislava
Central European Advertising
2003
|
| Assuntos: | |
| Tags: |
Sem tags, seja o primeiro a adicionar uma tag!
|
MARC
| LEADER | 00000nam$a2200000$$$4500 | ||
|---|---|---|---|
| 001 | 0002421 | ||
| 005 | 20240314091052.5 | ||
| 020 | |a 80-967950-5-8 | ||
| 041 | 0 | |a slo | |
| 044 | |a SK | ||
| 245 | 1 | 0 | |a Abeceda reklamy |c Pavel Horňák |
| 264 | 1 | |a Bratislava |b Central European Advertising |c 2003 | |
| 300 | |a 298 s. | ||
| 610 | 2 | 0 | |a reklama |
| 610 | 2 | 0 | |a propagácia |
| 610 | 2 | 0 | |a marketing |
| 610 | 2 | 0 | |a komunikácia marketingová |
| 610 | 2 | 0 | |a história |
| 610 | 2 | 0 | |a etika |
| 610 | 2 | 0 | |a médiá |
| 610 | 2 | 0 | |a zákony |
| 610 | 2 | 0 | |a Slovensko |
| 100 | 1 | |a Horňák, Pavel | |